000 00623nam a22002417a 4500
003 UA-OsUOA
001 54024
007 ta
008 20080516b un ||||| |||| 00| 0 ukr d
090 _a929(477)
_bЧ-75
942 _cBR
040 _aUA-OsUOA
_bukr
_cUA-OsUOA
_dUA-OsUOA
245 _aЧорновіл Вячеслав
300 _a40 с.
955 _a2
041 _aukr
080 _a929(477)
020 _a966-608-376-5
260 _aК.
_c2003
246 3 1 _aБіографія, Статті, Цитати
_n
650 7 _a9 Географія. Біографії. Історія
_2UDC
999 _c340095
_d340095